| 000 | 00348nam a22001217a 4500 | ||
|---|---|---|---|
| 999 |
_c4977 _d4977 |
||
| 008 | 250428b ||||| |||| 00| 0 eng d | ||
| 020 | _a9780063207950 | ||
| 082 | _a823.92 ALK | ||
| 100 |
_aALKAF,HANNA _eAUTHOR |
||
| 245 | _aHAMRA AND THE JUNGLE OF MEMORIES | ||
| 260 |
_a195 BROADYWAY,NEW YORK,NY 10007 _bHARPERCOLLINS CHILDREN'S BOOKS |
||
| 942 | _2ddc | ||